Statistics for Fruits in the Answer

Click here to take the quiz!

General Stats

  • This quiz has been taken 38,049 times
  • The average score is 15 of 20

Answer Stats

Clue Answer % Correct
Queen's present to Snow WhitePoisoned {Apple}
99%
Bottom-heavy{Pear}-shaped
95%
Dystopian Kubrick movieA Clockwork {Orange}
92%
Roald Dahl bookJames and the
Giant {Peach}
87%
Steinbeck novelThe {Grape}s of Wrath
87%
Mark Twain character{Huckleberry} Finn
85%
Song by the Beatles{Strawberry} Fields
Forever
84%
Certain politically unstable countries{Banana} Republics
77%
Spherical firecracker{Cherry} Bomb
73%
Visions that dance in children's heads,
on the night before Christmas
Sugar-{plum}s
72%
Gazpacho, for example{Tomato} Soup
67%
Kitchen tool{Melon} Baller
65%
Nudity cover for Adam & Eve{Fig} Leaf
65%
PiƱa colada ingredientCream of {Coconut}
65%
Oh my darling, oh my darling,
oh my darling ...
{Clementine}
62%
Once popular smartphone brand{Blackberry}
62%
A defective motor vehicle{Lemon}
62%
Symbol of peace{Olive} Branch
56%
Prince song{Raspberry} Beret
55%
Calcium carbonate{Lime}stone
50%

Score Distribution

Percentile by Number Answered

Percent of People with Each Score

Your Score History

You have not taken this quiz